000 00348 a2200157 4500
001 66917
020 _a9788572722933
040 _cAnchieta - Pituba
100 _aAlves, Januária Cristina
240 1 0 _aCrônicas de papel
_lpor
245 1 0 _aCrônicas de papel
300 _a79
362 0 _a2011
650 4 _aLiteratura juvenil
942 _cBK
999 _c66917
_d66917